| 000 | 00736nam a2200217 i 4500 | ||
|---|---|---|---|
| 001 | 11055 | ||
| 003 | ES-MaACL | ||
| 005 | 20250827063201.0 | ||
| 008 | 880129s1986 sp f |||| | spa j | ||
| 020 | _a84-7506-178-8 | ||
| 080 | _a726.75(460.27 San Lorenzo)(093) | ||
| 100 | 0 |
_aJosé de Sigüenza, _d1544-1606 _9151215 |
|
| 245 | 1 | 3 |
_aLa fundación del Monasterio de El Escorial / _cFray José de Sigüenza. |
| 260 |
_aMadrid : _bTurner, _c[1986] |
||
| 300 |
_a[VII], 454 p., [20] p. de lám. ; _c25 cm. |
||
| 610 | 2 | 4 |
_aMonasterio de El Escorial- _vHistoria. _95730 |
| 651 | 7 |
_aMonasterio de El Escorial _xEdificios, estructuras, etc. _9144603 |
|
| 852 |
_aES-MaACL _jL-18429 |
||
| 942 | _2udc | ||
| 999 |
_c11055 _d11055 |
||